| 000 | 01671nmm a2200505 a 4500 | ||
|---|---|---|---|
| 003 | AR-BaBNM | ||
| 005 | 20251128204322.0 | ||
| 008 | 011101s1992 ||||||||||||||000 | spa|| | ||
| 020 | _a950-582-320-7 | ||
| 040 | _cAR-BaBNM | ||
| 111 | 2 |
_aSimposio Internacional de Adultos por Radio _cSanto Domingo, República Dominicana _9jul. 1-3 _d1990 |
|
| 245 | 1 | 0 | _aAlfabetización y postalfabetización por radio |
| 260 |
_aBuenos Aires _bHumanitas _bOEI _bQuinto Centenario _bC.E.A.A.L. _c1992 |
||
| 300 | 0 | _a270 p. | |
| 500 | 0 | _aC.E.A.A.L.:Consejo de Educación de Adultos de América Latina | |
| 500 | 1 | _aOEI: Organización de los Estados Iberoamericanos para la Educación, la Ciencia y la Cultura | |
| 504 | _aContiene bibliografía al final de cada ponencia | ||
| 650 | 4 | _aTECNOLOGIA EDUCATIVA | |
| 650 | 4 | _aRADIO EDUCATIVA | |
| 650 | 4 | _aALFABETIZACION FUNCIONAL | |
| 650 | 4 | _aCENTROS DE ALFABETIZACION | |
| 650 | 4 | _aPROGRAMAS DE ALFABETIZACION | |
| 650 | 4 | _aMETODOS DE ALFABETIZACION | |
| 653 | 0 | _aEDUCACION A DISTANCIA | |
| 700 | 1 |
_aRodríguez Fuenzalida, Eugenio _eeditor |
|
| 700 | 1 | _aArnaiz, Begoña | |
| 700 | 1 | _aArnaiz, Ramón | |
| 700 | 1 | _aArrocha, Rafael | |
| 700 | 1 | _aBates, Anthony W. | |
| 700 | 1 | _aCaal, Mario | |
| 700 | 1 | _aCastiella, Javier | |
| 700 | 1 | _aDíaz de Jesús, A. | |
| 700 | 1 | _aFierro, Angel | |
| 700 | 1 | _aGrimón, Francisco | |
| 700 | 1 | _aLuca, Telma S. de | |
| 700 | 1 | _aNiño, Pedro | |
| 700 | 1 | _aOthmaro, José | |
| 700 | 1 | _aPicón, César | |
| 700 | 1 | _aRodríguez, Gabriel | |
| 700 | 1 | _aSantana, Juan Jesús | |
| 700 | 1 | _aSoto, Marta | |
| 700 | 1 | _aTorres, Antonio | |
| 942 | _cBK | ||
| 998 | _csilvi | ||
| 999 |
_c7002 _d7002 |
||